000 00517nam a22001697a 4500
003 OSt
005 20171010095506.0
008 120808t xxu||||| |||| 00| 0 eng d
040 _aMMSU
_cULS
100 _aLucas, Lori G.
_911927
245 _aField plot techniques for cotton experiments
_cLori G. Lucas
260 _c1981
300 _axi, 73 leaves
_c28 cm.
500 _aThesis (MS Statistics) -- University of the Philippines, Los BaƱos, Laguna
504 _aBibliography: leaves 64-67
942 _2ddc
_cTHEDIS
999 _c9679
_d9679